Hidden Words Quiz Stats

 Plays Quiz not verified by Sporcle

Challenge
Share
Tweet
Embed
Score 0/15 Timer 10:00
0 Plays Today
Sentence Hidden Word % Correct
The doctor examined the rash on Daniel's leg.Honda
73.9%
The actors dialogue was not said on key.Donkey
64.2%
Put some lemon juice in the satay, it gives it a real zing.Sitar
63.5%
The desert was arid, a hostile environment for the animals.Idaho
53.5%
On my holiday I got to milk a yak in Glasgow Zoo.Kayaking
51.6%
There was a loud gasp, a rag used as a tissue, disgusting!Asparagus
50.6%
Can you hurry and finish your chores!Ryan
49%
A new cast let the infection on my arm heal.Newcastle
49%
Sentence Hidden Word % Correct
I have no money to buy the pair of jeans.Venom
44.5%
Don't forget to bring that on game day.Tonga
43.2%
There were twenty satchels in Kim's Bag Store.Helsinki
40.3%
I suppose I don't need to be horrible to others.Poseidon
27.4%
It was abysmal, I encouraged him to practise more.Alien
23.9%
Such airplanes do not exist anymore.Chai
20.3%
Charlie is a very useful name to have, because it can be male or female.Ulna
19%

You're not logged in!

Compare scores with friends on all Sporcle quizzes.
Join for Free
OR
Log In

You Might Also Like...

Show Comments

Extras

Top Quizzes Today


Score Distribution

Your Account Isn't Verified!

In order to create a playlist on Sporcle, you need to verify the email address you used during registration. Go to your Sporcle Settings to finish the process.

Report this User

Report this user for behavior that violates our Community Guidelines.

Details: